00917nam a22002537a 4500001001000000003000500010005001700015008004100032010001000073011001000083035001100093040000900104100002700113245016300140260004100303300003200344502011600376650002100492650003200513650002100545650001100566650002000577856006600597000096410CHAP20241112133728.0061016d2006 mx r 00110 spa d a92876 a93848 a104429 cCHAP1 aSáenz Gómez, Omar.10aEfecto de la virginiamicina sobre el pH ruminal y la acidosis ruminal subaguda en vacas Holstein Friesian de la Comarca Lagunera /c/por Omar Sáenz Gómez. aBermejillo, Dgo. :bEl autor,c2006. a61 h. :bgráfs.; cuadros. aTesis (Ing. Agr. en Sistemas Pecuarios de Zonas Aridas) - - UACH. Unidad Regional Universitaria de Zonas Aridas14aGanado Friesian.14aGanado Holstein - Friesian.17apHxMedición214aRumen.14aVirginiamicina. 3Finding aiduhttp://10.13.5.2/tesis/104429.pdfzTeclea aquí